00761 am a2200229 a 450000500170000000800410001702000150005804100080007310000210008124500530010225001060015526000330026130000160029450000840031065300200039465300290041465300120044365300120045565300220046765300210048965300210051020231212114320.0100319s1996 sp a f |||| 00| 0 spa d a0914168665 aspa1 aNetter, Frank H. aAtlas de Anatomía Humana / cFrank H. Netter. a1a ed. versión en español de la obra original en inglésbTraducción Victor Götzens García aBarcelona: bMasson; c1996. a514 p.bil. aNetter, F. H. (1996). Atlas de anatomía humana. (1a ed.). Barcelona : Masson. aCabeza y cuello aDorso y médula espinal aTórax aAbdomen aPelvis y periné aMiembro superior aMiembro inferior